Quiz Cultura Generale - Quiz n°104 - Statistics

Statistiche generali
  • Questo quiz è stato fatto 171 volte
  • Il punteggio medio è 7 su 15
Statistiche sulle risposte
Domanda Risposta % Corretto
Dove si trova la sede di Mediaset? Milano
89%
Quante terzine sono presenti in un sonetto? 2
86%
Qual è la più grande isola toscana? Isola d'Elba
77%
In quale anno venne assassinato John Fitzgerald Kennedy? 1963
70%
Di che colore è la banda laterale delle gomme hard in Formula 1? Bianca
62%
Dove si trova la sede del parlamento olandese? L'Aia
58%
Qual è il vero nome di Batman? Bruce Wayne
48%
Quale organo viene colpito primariamente dalla Tubercolosi? Polmone
45%
Di quale regione italiana la vetta più alta è il Monte Cimone? Emilia-Romagna
44%
In quale specialità della ginnastica artistica Alice Basso ha vinto una medaglia d'oro alle Olimpiadi estive del 2024? Trave
37%
Quanti sono i nervi cranici? 12
32%
Qual è il più alto dei colli di Roma? Esquilino
29%
Chi ha doppiato il genio della lampada nel film Disney "Aladdin"? Gigi Proietti
20%
Chi veniva considerato come il "padre della storia" da Cicerone? Erodoto
11%
Come si chiama la squadra di calcio di Lodi? Fanfulla
8%
Nessun quiz corrispondente trovato
Distribuzione punteggi
Percentuale di utenti per punteggio
Percentile per numero di risposta
I tuoi punteggi nel tempo
Non hai fatto questo quiz